00427cam a2200169ua 45000010005000000080039000050200015000440400009000590410008000680820008000761000031000842450053001152500013001682600039001813000015002206530022002356991141118n ii |||gr||||Z||||||eng a8173810672 cMAIN aeng a320 aDas, Prangobinda,eAuthor.1 aHistory of political thoughtcBy Prangobinda Das a3rd rev. aKolkata:bNew central book,c2011. aviii,771p. aPolitical history